00703 a2200205 4500260001000000630006300010037001200073650002800085100016700113260002600280245004900306300001100355650003300366260000900399300000900408100000700417440004300424037001200467020001800479 aParis a62 - Ingenierie. Art de lingenieur. Technologie en general b1, WVSC a6 - SCIENCES APPLIQUEES aMcCue, Camille  bEd. First Interactive aBien utiliser les outils de recherche du Web a122 p. aInternet : recherche : guide c2000 b21cm lFr aFlash N. l'essentiel pour s'en sortir  aL 15183 a2-84427-199-5